00370nam a2200121Ia 450000500170000000800410001708200130005810000210007124500470009226000460013930000130018550000500019820250626011616.0240331s9999 xx 000 0 und d bWIJa352 aWijesinghe,P.R.H 0aSanwardena virodhi Sri Lanka deshapalanaya aMoratuwabD. P. Dodamgoda & Companyc1978 a123 p ., aA book on Anti Development Sr Lankan Politics